| 000 | 01099nac a22003131i 4500 | ||
|---|---|---|---|
| 003 | EG-ScBUE | ||
| 005 | 20241109101138.0 | ||
| 008 | 091102r20041989ii a f 001 0 eng d | ||
| 020 | _a007058723X | ||
| 020 | _a9780070587236 | ||
| 040 |
_aEG-ScBUE _beng _erda _cEG-ScBUE _dEG-ScBUE |
||
| 082 | 0 | 4 |
_a518 _bSCH _222 |
| 100 | 1 |
_aScheid, Francis, _eauthor. _99112 |
|
| 245 | 1 | 0 |
_aSchaum's outline of theory and problems of numerical analysis / _cby Francis Scheid, Ph.D., professor emeritus of mathematics, Boston University. |
| 250 | _aSecond edition. | ||
| 250 | _aReprint edition. | ||
| 264 | 1 |
_aNew Delhi : _bTata McGraw-Hill Pub. Co., _c2004. |
|
| 300 |
_a471 pages : _billustrations ; _c28 cm. |
||
| 336 |
_2rdacontent _atext _btxt |
||
| 337 |
_aunmediated _2rdamedia _bn |
||
| 338 |
_avolume _bnc _2rdacarrier |
||
| 490 | 0 | _aSchaum's outline series | |
| 500 | _aIncludes index. | ||
| 650 | 7 |
_aNumerical analysis. _2BUEsh _99113 |
|
| 655 | _vReading book | ||
| 740 | _aTheory and problems of numerical analysis. | ||
| 740 | _aNumerical analysis: spine title. | ||
| 942 |
_cBB _2ddc |
||
| 999 |
_c1338 _d1338 |
||